Score 0/296 Timer 10:00
1 Play Today
Lyric % Correct
the
97.7%
and
97.7%
the
97.7%
and
97.7%
and
97.7%
the
97.7%
the
97.7%
the
97.7%
the
97.7%
and
97.7%
and
97.7%
the
97.7%
The
97.7%
The
97.7%
the
97.7%
the
97.7%
the
97.7%
the
97.7%
97.7%
I
94.8%
I
94.8%
I
94.8%
I
94.8%
I
94.8%
I
94.8%
you
86.7%
you
86.7%
you
86.7%
you
86.7%
you
86.7%
you
86.7%
You
86.7%
You
86.7%
you
86.7%
you
86.7%
you
86.7%
You
86.7%
you!
86.7%
You
86.7%
you
86.7%
you
86.7%
you
86.7%
'You
86.7%
You
86.7%
you
86.7%
you!
86.7%
You,
86.7%
you,
86.7%
you ...
86.7%
you
86.7%
You
86.7%
you.
86.7%
You
86.7%
You
86.7%
You
86.7%
you
86.7%
you
86.7%
he
85.9%
He
85.9%
an
85.8%
me.
84.3%
me
84.3%
me
84.3%
me.
84.3%
to
84.1%
to
84.1%
to
84.1%
to
84.1%
to
84.1%
to
84.1%
Do
83.7%
do
83.7%
Do
83.7%
we
83.2%
'Be
82.6%
my
82.2%
my
82.2%
my
82.2%
how
81.2%
how
81.2%
how
81.2%
what
81.2%
what
81.2%
what
81.2%
what
81.2%
what
81.2%
it
81%
it
81%
it
81%
it
81%
Let
80.9%
know
80.6%
know
80.6%
know
80.6%
that
80.4%
that
80.4%
that
80.4%
in
80.3%
In
80.3%
Lyric % Correct
in
80.3%
in
80.3%
in
80.3%
in
80.3%
when
79.9%
when
79.9%
when
79.9%
when
79.9%
when
79.9%
on
79.7%
no
79.7%
no
79.7%
She
79.7%
she
79.7%
she
79.7%
She
79.7%
your
79.5%
your
79.5%
Your
79.5%
your
79.5%
your
79.5%
your
79.5%
Your
79.5%
your
79.5%
of
79.3%
of
79.3%
of
79.3%
letter
79.2%
letter
79.2%
will
79%
burn
79%
burn
79%
burn,
79%
burn!
79%
burn.
79%
Angelica
78.6%
Angelica
78.6%
wrote
78.4%
wrote
78.4%
wrote
78.4%
love;
78.3%
said
78.2%
said
78.2%
said,
78.2%
said
78.2%
said,
78.2%
said!
78.2%
have
77.9%
have
77.9%
have
77.9%
have
77.9%
were
77.4%
were
77.4%
were
77.4%
were
77.4%
were
77.4%
one,
77.2%
every
76.8%
with
76.8%
every
76.8%
with
76.8%
every
76.8%
with
76.8%
mine,
76.5%
mine,
76.5%
mine.
76.5%
mine ...
76.5%
mine!
76.5%
I'm
76.4%
I'm
76.4%
I'm
76.4%
I'm
76.4%
I'm
76.4%
for
76.2%
for
76.2%
careful
75.3%
our
75%
our
75%
our
75%
our
75%
read
74.8%
takes
74.8%
read
74.8%
From
74.3%
from
74.3%
world
74.2%
world
74.2%
world
74.2%
world
74.2%
words
74.1%
words,
74.1%
survive.'
74%
too
73.9%
first
73.9%
has
73.9%
has
73.9%
has
73.9%
Eliza
73.7%
saw
73.6%
Lyric % Correct
bed!
73.6%
bed!
73.6%
bed!
73.6%
thought
73.5%
they
73.5%
They
73.5%
knew
72.6%
her
72.4%
letters
72.2%
letters
72.2%
letters
72.2%
this
72.2%
sun.'
71.9%
close
71.9%
married
71.6%
flown
71.4%
saved
71.3%
heart.
71.1%
heart!
71.1%
heart!
71.1%
out
70.9%
them,
70.7%
paragraph,
70.6%
Icarus.
70.4%
arrive?
69.9%
all
69.8%
all
69.8%
built
69.6%
built
69.6%
right
69.6%
moment
69%
into
68.7%
palaces
68.6%
cathedrals ...
68.4%
paragraphs,
68.4%
broke
68.1%
girl
68%
hope
67.8%
lives.
67.8%
told
67.5%
are
67.3%
place
67.2%
place
67.2%
ruined
67.2%
reacted
67.2%
wonder
66.9%
sentences
66.8%
sentences
66.8%
done?
66.6%
whole
66.5%
myself
66.5%
narrative ...
66.2%
historians
66.1%
brought
66%
office
65.8%
senses.
65.7%
don't
65.6%
watching
65.6%
watching
65.6%
future
65.3%
sleep
65.1%
published
65%
burning
65%
burning
65%
name,
64.9%
erasing
64.9%
seemed
64.8%
searching
64.6%
left
64.3%
get
64.1%
memories,
64%
memories
64%
rereading
63.9%
some
63.6%
line,
63.4%
you'd
63.3%
instead
63.3%
legacy!
63%
flooded
62.6%
forfeit
62.6%
forfeit
62.6%
sign,
62.1%
clearing
62%
kind
61.8%
paranoid
61.6%
scanning
61%
obsessed
60.3%
rights
60.1%
torn
60%
defenseless.
59.9%
apart,
59.9%
senseless
59.7%
might
59.5%
answers
59.4%
redeemed
59.4%
border
59.4%
only
56.9%
perceive
56.2%
Come Together.
Have Fun.
All Virtual.
We all need to come together. Play Sporcle's virtual live trivia to have fun, connect with people, and get your trivia on. Join a live hosted trivia game for your favorite pub trivia experience done virtually. If a virtual private party is more your thing, go here for details.

You're not logged in!

Compare scores with friends on all Sporcle quizzes.
OR
Log In

Sporcle TV

Today on Sporcle TV


Watch our educational content, quiz creation guides, and fun videos on Sporcle TV.

Show Comments

Extras

Top Quizzes Today


Score Distribution

Paid Content

Your Account Isn't Verified!

In order to create a playlist on Sporcle, you need to verify the email address you used during registration. Go to your Sporcle Settings to finish the process.

Report this User

Report this user for behavior that violates our Community Guidelines.

Details: